| 000 | 00437cam a22001217a 4500 | ||
|---|---|---|---|
| 008 | 180718b1984 xxu||||| |||| 00| 0 eng d | ||
| 020 | _a9221036049 | ||
| 082 | _aR064 In8/ 1 | ||
| 245 |
_aWorld labour report : employment, incomes, social protection,new information technology _cby International Labour Office |
||
| 260 |
_aGeneva _bInternational Labour Office _c1984 |
||
| 300 | _a215p. | ||
| 700 | _aSwitzerland. International Labour Office | ||
| 999 |
_c496075 _d496075 |
||